Ants (Registro nro. 5185)

Detalles MARC
000 -CABECERA
Campo de control 00489nam a2200181 a 4500
005 - FECHA Y HORA DE LA ULTIMA TRANSACCION
Campo de control 20140318144916.0
008 - ELEMENTOS DE LONGITUD FIJA—INFORMACION GENERAL
Campo de control 140318b1990 -Uk||||| |||| 00| 0 eng d
041 ## - IDIOMA
Código de idioma para texto/pista de sonido o título separado Inglés
044 ## - PAÍS DE PUBLICACIÓN
País de publicación
090 ## - CLASIFICACIÓN LOCAL
Colección LB
Consecutivo 04547
100 ## - ASIENTO PRINCIPAL--NOMBRE PERSONAL
Nombre personal Holldobler, Bert
245 ## - MENCION DE TITULO
Título Ants
Parte restante del título winner of the pulitzer prize in general nonfiction
260 ## - PUBLICACION, DISTRIBUCION, ETC. (PIE DE IMPRENTA)
Lugar de publicación, distribución, etc. Cambridge
Nombre del editor, distribuidor, etc. Harvard University Press
Fecha de publicación, distribución, etc. 1990
300 ## - DESCRIPCION FISICA
Extensión 732 p.
700 ## - ASIENTO SECUNDARIO - NOMBRE PERSONAL
Nombre personal Wison, Edward O.
942 ## - ELEMENTOS ADICIONALES (KOHA)
Tipo de ítem Impreso
Sistema de clasificación Local
945 ## - PROCESAMIENTO LOCAL
AAAA-MM-DD - Fecha de ingreso o modificacion 2006-01-17
Existencias
Withdrawn status Lost status Sistema de Clasificación Damaged status No para préstamo Colección Inventariado Ubicación Permanente Ubicación actual Fecha de adquisición Fuente de Valor Valor Total Checkouts Número topográfico Inventario / Código de Barras Date last seen Ejemplar Price effective from Forma de adquisición Tipo de material
    Local     Entomología Inventariado 2017 Villa de Leyva Villa de Leyva 17/01/2006 Amazon 54000.00   LB-04547 022913 04/12/2012 Ej. 1 04/12/2012 Compra Libro